Can you name all of the baseball teams in 30 seconds? - Statistics

General Stats
  • This quiz has been taken 17 times
  • The average score is 12 of 30
Answer Stats
Team % Correct
Cincinnati Reds
100%
New York Yankees
91%
Boston Red Sox
73%
Oakland Athletics
73%
Tampa Bay Rays
73%
Houston Astros
64%
Chicago Cubs
55%
Chicago White Sox
55%
Los Angeles Dodgers
55%
New York Mets
55%
Arizona Diamondbacks
45%
Miami Marlins
45%
Baltimore Orioles
36%
Los Angeles Angels
36%
San Diego Padres
36%
Seattle Mariners
36%
Atlanta Braves
27%
Minnesota Twins
27%
St. Louis Cardinals
27%
Texas Rangers
27%
Toronto Blue Jays
27%
Cleveland Guardians
18%
Philadelphia Phillies
18%
Pittsburgh Pirates
18%
San Francisco Giants
18%
Colorado Rockies
9%
Detroit Tigers
9%
Milwaukee Brewers
9%
Washington Nationals
9%
Kansas City Royals
0%
No matching quizzes found
Score Distribution
Percent of People with Each Score
Percentile by Number Answered
Your Score History
You have not taken this quiz